States With Only One N - Statistics

General Stats
  • This quiz has been taken 64 times
    37 since last reset
  • The average score is 22 of 24
Answer Stats
States % Correct
New Jersey
100%
New Mexico
100%
New York
100%
Wyoming
100%
California
97%
Louisiana
97%
Nevada
97%
New Hampshire
97%
South Carolina
97%
Virginia
97%
Arizona
93%
Kansas
93%
Kentucky
93%
North Dakota
93%
Arkansas
90%
Maine
90%
Maryland
90%
Michigan
90%
Nebraska
90%
Vermont
90%
West Virginia
90%
Oregon
83%
Rhode Island
83%
Illinois
80%
No matching quizzes found
Score Distribution
Percent of People with Each Score
Percentile by Number Answered
Your Score History
You have not taken this quiz since the last reset